00349pab a2200133 454500008004000000100001800040245006700058260000900125300001300134362001100147650001500158700002200173773002000195180718b2009 xxu||||| |||| 00| 0 eng d aTalawar, M.S. aPOD casting - a new trend of web based technology in education c2009 ap.20-22. a28 Sep aPodcasting aKumar, T. Pradeep aUniversity News